banner-ar

الاشعاع الذرى والحياة / (Record no. 45227)

MARC details
000 -الفاتح
حقل البيانات ثابتة الطول 01087nam a2200289Ia 4500
005 - وقت وتاريخ اخر تعامل مع التسجيلة
رقم الضبط 20240530104156.0
008 - عناصر البيانات ثابتة الطول - معلومات عامة
حقل البيانات ثابتة الطول 140319s9999 xx 000 0 ara d
040 ## - مصدر الفهرسة
وكالة الفهرسة الأصلية GCL /
وكالة النسخ GCL
082 04 - رقم تصنيف ديوى العشرى
رقم التصنيف 539.7
رقم المادة ا ا
100 ## - المدخل الرئيسى - إسم شخصى
رمز الرابط الكسندر ، بيتر
245 10 - بيان العنوان
العنوان الاشعاع الذرى والحياة /
بيان المسئوليه,etc تاليف الكسندر ، بيتر ، ترجمة محمد غريب عبدالجليل ؛ فتحى سلام ، راجعة ابراهيم ابوسنة
300 ## - الوصف المادى
التعداد 263 ص :
تفاصيل ماديه اخرى للوعاء صور ؛
أبعاد الوعاء 24 سم
490 ## - بيان السلسلة
عنوان السلسلة الالف كتاب
رقم المجلد/ التعيين التسلسلي 283
650 04 - المدخل الاضافى بالموضوع-مصطلح موضوعى
مصطلح موضوعي الكيمياء
650 04 - المدخل الاضافى بالموضوع-مصطلح موضوعى
مصطلح موضوعي السرطان
650 04 - المدخل الاضافى بالموضوع-مصطلح موضوعى
مصطلح موضوعي الفيزياء
650 04 - المدخل الاضافى بالموضوع-مصطلح موضوعى
مصطلح موضوعي العلاج بالاشعة
650 04 - المدخل الاضافى بالموضوع-مصطلح موضوعى
مصطلح موضوعي الاشعاع الذرى
650 04 - المدخل الاضافى بالموضوع-مصطلح موضوعى
مصطلح موضوعي الكيمياء الاشعاعية
650 04 - المدخل الاضافى بالموضوع-مصطلح موضوعى
مصطلح موضوعي الاشعاع الذرى - تسرب
700 1# - المدخل الاضافى - اسم شخصى
الإسم الشخصى فتحى سلام
الدور مترجم
700 1# - المدخل الاضافى - اسم شخصى
الإسم الشخصى محمد غريب عبدالجليل
الدور مترجم
700 1# - المدخل الاضافى - اسم شخصى
الإسم الشخصى ابراهيم ابو سنة
الدور مراجع
942 ## - عناصر المدخل الإضافي( كوها)
مصدر التصنيف او مخطط الترفيف Dewey Decimal Classification
Koha [default] item type كتاب
260 ## - PUBLICATION, DISTRIBUTION, ETC. (IMPRINT)
-- القاهرة :
-- دار سعد مصر
Holdings
حالة التراجع حالة الفقد حالة تلف ليس للاعارة المكان المؤقت الموقع الحالى تاريخ الاكتساب اجمالي اﻻعارات رقم الطلب الباركود تاريخ اخر مشاهدة تاريخ تفعيل السعر نوع وعاء كوها
        مكتبة القاهرة الكبرى مكتبة القاهرة الكبرى 03/26/2014   539.7\ا ا 110352 03/26/2014 03/26/2014 كتاب
        مكتبة القاهرة الكبرى مكتبة القاهرة الكبرى 03/26/2014   539.7\ا ا 110353 03/26/2014 03/26/2014 كتاب

Powered By

EGPV